[Event "Open"]
[Site "Pula CRO"]
[Date "2001.05.21"]
[Round "4"]
[White "Polak,T"]
[Black "Jovanovic,Zo2"]
[Result "1/2-1/2"]
[WhiteElo "2503"]
[BlackElo "2383"]

1.d4 Nf6 2.c4 g6 3.Nc3 Bg7 4.e4 d6 5.Be2 O-O 6.Nf3 e5 7.d5 a5 8.h3 Na6 9.Bg5 h6
10.Be3 Nc5 11.Nd2 c6 12.O-O Bd7 13.Kh1 Qe7 14.a4 Rfc8 15.Ra3 Kh7 16.Qb1 Na6
17.Rd1 c5 18.Nb5 Rf8 19.Rg1 Ng8 20.g4 Bf6 21.Nf3 Bg5 22.Bxg5 hxg5 23.Qc1 f6
24.h4 gxh4 25.Nxh4 g5 26.Nf5 Bxf5 27.gxf5 Nh6 28.Rh3 Rh8 29.Rg2 Kg7 30.Rgh2 Nc7
31.Nc3 Nf7 32.Bh5 Rh7 33.Nd1 Rah8 34.Ne3 Na6 35.Ng4 Nb4 36.Qe3 Qf8 37.Kg2 b6
38.Qd2 Qd8 39.Qd1 Qf8 40.Qd2 Qe8 41.Qd1 Qf8 42.Qb3 Qd8 43.Kf1 Qf8 44.Ke2 Qd8
45.Kd1 Qf8 46.Kd2 Qd8 47.Qd1 Qf8 48.Qb3 Qd8 49.Ke2 Qf8 50.Kf1 Qd8 51.Kg1 Qf8
52.Kg2 Qd8 53.Qd1 Qf8 54.Qh1 Nc2 55.Kf1 Nb4 56.Bxf7 Rxh3 57.Rxh3 Rxh3 58.Qxh3 Kxf7
59.Qh5+ Ke7 60.Qh7+ Qf7 61.Qh6 Qf8 62.Qxf8+ Kxf8 63.Nxf6 Ke7  1/2-1/2

[Event "TCh-YUG"]
[Site "Herceg Novi YUG"]
[Date "2001.05.22"]
[Round "9"]
[White "Damljanovic,B"]
[Black "Ilincic,Z"]
[Result "1-0"]
[WhiteElo "2574"]
[BlackElo "2542"]

1.d4 Nf6 2.c4 g6 3.Nc3 Bg7 4.e4 d6 5.Nf3 O-O 6.Be2 e5 7.O-O Nh5 8.Bg5 f6
9.Be3 Nf4 10.c5 Nxe2+ 11.Qxe2 exd4 12.Nxd4 dxc5 13.Qc4+ Rf7 14.Qxc5 b6 15.Qa3 Qe8
16.Rad1 Na6 17.Rfe1 Bf8 18.Qb3 Nc5 19.Qc2 c6 20.Bf4 Ne6 21.Nxe6 Bxe6 22.e5 Bf5
23.Qb3 Be6 24.Qc2 Bf5 25.Qe2 fxe5 26.Bxe5 Rd8 27.g4 Rxd1 28.Qxd1 Bc8 29.h3 Bb7
30.Bd6 Qd7 31.Bxf8 Qxd1 32.Rxd1 Kxf8 33.Rd8+ Ke7 34.Rb8 Kd6 35.Ne4+ Kd5 36.Ng5 Rg7
37.f4 h6 38.Rd8+ Kc4 39.Nf3 c5 40.Ne5+ Kb4 41.Kf2 Be4 42.Rd1 h5 43.Ke3 Bc2
44.Rc1 Ba4 45.Rc4+ Ka5 46.b3 Bb5 47.Re4 Bf1 48.f5 gxf5 49.gxf5 Bxh3 50.f6 Rg8
51.f7 Rf8 52.Ra4+ Kb5 53.Rxa7 Be6 54.Kd3 c4+ 55.bxc4+ Kb4 56.Re7 Bxf7 57.Nxf7 h4
58.Ne5 Rh8 59.Re6 Ka5 60.Nc6+ Ka6 61.Re7  1-0

[Event "TCh-YUG"]
[Site "Herceg Novi YUG"]
[Date "2001.05.23"]
[Round "10"]
[White "Laketic,G"]
[Black "Djukic,Ni"]
[Result "1-0"]
[WhiteElo "2448"]
[BlackElo "2382"]

1.d4 Nf6 2.Nf3 g6 3.c4 Bg7 4.Nc3 O-O 5.e4 d6 6.Be2 e5 7.d5 a5 8.Bg5 h6 9.Bh4 Na6
10.Nd2 Qe8 11.Rb1 Bd7 12.b3 h5 13.a3 Nh7 14.f3 Bh6 15.Bf2 f5 16.b4 axb4 17.axb4 Nf6
18.c5 g5 19.Bd3 fxe4 20.Ndxe4 Qe7 21.Qd2 Nxe4 22.Nxe4 Bf5 23.O-O Bg7 24.c6 bxc6
25.dxc6 Nb8 26.b5 g4 27.fxg4 hxg4 28.Bc4+ Kh7 29.Bd5 Ra4 30.Rb4 Bh6 31.Qc3 Rxb4
32.Qxb4 Qe8 33.Qa4 Qe7 34.Ba7 Kg7 35.Ng3 Bf4 36.Bxb8  1-0

[Event "XXVI Elekes Mem GM"]
[Site "Budapest HUN"]
[Date "2001.05.24"]
[Round "4"]
[White "Danner,G"]
[Black "Rajlich,V"]
[Result "0-1"]
[WhiteElo "2453"]
[BlackElo "2337"]

1.d4 Nf6 2.Nf3 g6 3.c4 Bg7 4.Nc3 d6 5.e4 O-O 6.Be2 e5 7.d5 a5 8.Bg5 h6 9.Bh4 Na6
10.Nd2 Qe8 11.a3 Bd7 12.b3 Nh7 13.Rb1 h5 14.f3 Bh6 15.Bf2 Qe7 16.b4 axb4
17.axb4 h4 18.c5 dxc5 19.b5 Nb4 20.Nc4 b6 21.d6 cxd6 22.Nxb6 Rab8 23.Nxd7 Qxd7
24.Bxc5 Nc2+ 25.Qxc2 dxc5 26.Nd5 Qd6 27.Bc4 Ng5 28.Qd3 Kg7 29.O-O Ne6 30.Ra1 Nc7
31.Rfb1 Rfc8 32.Ra7 Nxd5 33.Qxd5 Qxd5 34.Bxd5 c4 35.Rxf7+ Kh8 36.Kf2 c3 37.f4 c2
38.Rc1 Rxb5 39.Be6 Rcc5 40.Rd7 Bxf4 41.Ra1 Ra5 42.Rxa5 Rxa5  0-1

[Event "TCh-YUG"]
[Site "Herceg Novi YUG"]
[Date "2001.05.24"]
[Round "11"]
[White "Mozetic,D"]
[Black "Radovanovic,D"]
[Result "1-0"]
[WhiteElo "2480"]
[BlackElo "2327"]

1.Nf3 Nf6 2.c4 g6 3.Nc3 Bg7 4.e4 d6 5.d4 O-O 6.Be2 e5 7.Be3 Nc6 8.d5 Ne7
9.Nd2 c5 10.g4 Nxg4 11.Bxg4 f5 12.exf5 gxf5 13.Bh3 f4 14.Bxc8 Qxc8 15.Bxc5 dxc5
16.Nce4 f3 17.Rg1 Rf4 18.Qc2 Kh8 19.O-O-O Bh6 20.Ng5 Qf5 21.Qxf5 Rxf5 22.Ne6 e4
23.Kc2 e3 24.fxe3 Bxe3 25.Rg3 Bxd2 26.Kxd2 Ng6 27.Ke3 b6 28.Rxf3 Rxf3+ 29.Kxf3 Ne5+
30.Ke4 Nxc4 31.b3 Nd6+ 32.Ke5 Nf7+ 33.Kf6 Nd6 34.Ng5 Kg8 35.Rg1 Ne8+ 36.Ke7 h6
37.Ne6+ Kh7 38.d6 Nxd6 39.Kxd6 Rc8 40.Rg7+ Kh8 41.Rxa7 b5 42.Nxc5  1-0

[Event "TCh-NOR Final"]
[Site "Langesund NOR"]
[Date "2001.05.24"]
[Round "2"]
[White "Jaeger,F"]
[Black "Gullaksen,E"]
[Result "0-1"]
[WhiteElo "2022"]
[BlackElo "2325"]

1.d4 Nf6 2.c4 g6 3.Nc3 Bg7 4.e4 d6 5.Nf3 O-O 6.Be2 e5 7.O-O Nh5 8.g3 Bg4
9.Bg5 Qd7 10.Be3 Na6 11.Qd2 Rfe8 12.Rad1 Qe7 13.Rfe1 c6 14.Kg2 Nf6 15.h3 Bc8
16.d5 c5 17.a3 Rf8 18.b4 b6 19.Rb1 Ne8 20.Ng1 f5 21.exf5 gxf5 22.f4 e4 23.Bd1 Kh8
24.Ba4 Rg8 25.Nge2 Nf6 26.Kh2 Qf7 27.Rg1 Qh5 28.Nd1 Ng4+ 29.Kg2 Nxe3+ 30.Nxe3 Bf6
31.Bd1 Rg6 32.Nd4 Rxg3+ 33.Kxg3 Qh4+ 34.Kh2 Qxf4+ 35.Kh1 cxd4 36.Nf1  0-1

[Event "6th Stuttgart Open"]
[Site "Ditzingen GER"]
[Date "2001.05.25"]
[Round "4"]
[White "Fahnenschmidt,G"]
[Black "Tepluhina,K"]
[Result "1-0"]
[WhiteElo "2285"]
[BlackElo "2068"]

1.d4 Nf6 2.c4 g6 3.Nc3 Bg7 4.e4 d6 5.Be2 O-O 6.Nf3 e5 7.Be3 Nbd7 8.dxe5 dxe5
9.h3 c6 10.O-O Qc7 11.Qd2 Re8 12.Rfd1 b6 13.b4 Bb7 14.Qc2 Rad8 15.c5 bxc5
16.bxc5 Qa5 17.Nd2 Ba6 18.Nb3 Qa3 19.Bc1 Qb4 20.Bxa6 Nxc5 21.Rxd8 Rxd8 22.Nxc5 Qxc5
23.Be3 Qa5 24.Bc4  1-0

[Event "Open"]
[Site "Pula CRO"]
[Date "2001.05.25"]
[Round "8"]
[White "Sudar,B"]
[Black "Jovanovic,Zo2"]
[Result "1/2-1/2"]
[WhiteElo "2223"]
[BlackElo "2383"]

1.d4 Nf6 2.Nf3 g6 3.c4 Bg7 4.Nc3 O-O 5.e4 d6 6.Be2 e5 7.O-O exd4 8.Nxd4 Re8
9.f3 Nc6 10.Be3 Nh5 11.Qd2  1/2-1/2

[Event "XXVI Elekes Mem GM"]
[Site "Budapest HUN"]
[Date "2001.05.26"]
[Round "6"]
[White "Danner,G"]
[Black "Navrotescu,C"]
[Result "1-0"]
[WhiteElo "2453"]
[BlackElo "2453"]

1.d4 Nf6 2.Nf3 g6 3.c4 Bg7 4.Nc3 O-O 5.e4 d6 6.Be2 e5 7.d5 a5 8.Be3 Ng4 9.Bg5 f6
10.Bh4 h5 11.Nd2 Na6 12.a3 Bd7 13.Rb1 Nc5 14.h3 Nh6 15.b4 axb4 16.axb4 Na4
17.Qc2 g5 18.Bg3 Nxc3 19.Qxc3 h4 20.Bh2 f5 21.f3 g4 22.c5 Qg5 23.hxg4 fxg4
24.c6 bxc6 25.dxc6 Bc8 26.Bg1 g3 27.Be3 Qe7 28.Bc4+ Kh7 29.Ke2 Bf6 30.Ra1 Rxa1
31.Rxa1 Bg5 32.Bg1 h3 33.gxh3 Qe8 34.Ra7 Qh5 35.Rxc7+ Kg6 36.Rxc8 Rxc8 37.Be6 Rf8
38.Nc4 Kf6 39.Bd7 Ke7 40.Nb6  1-0

[Event "TCh-NOR Final"]
[Site "Langesund NOR"]
[Date "2001.05.26"]
[Round "4"]
[White "Tallaksen,G"]
[Black "Gudbrandsen,G"]
[Result "0-1"]
[WhiteElo "2233"]
[BlackElo "2277"]

1.d4 Nf6 2.c4 g6 3.Nc3 Bg7 4.e4 d6 5.Nf3 O-O 6.Be2 e5 7.O-O Na6 8.Be3 Ng4
9.Bg5 f6 10.Bc1 c6 11.h3 Nh6 12.Be3 Nf7 13.Qc1 f5 14.d5 Bd7 15.Rb1 c5 16.Ne1 f4
17.Bd2 Qh4 18.Qd1 Kh8 19.a3 h5 20.b4 b6 21.Nb5 Rg8 22.Rb3 Qe7 23.g4 Ng5 24.Qb1 Bf6
25.Kg2 Kg7 26.f3 Rh8 27.Nd3 Nxh3 28.Kxh3 hxg4+ 29.Kg2 g3 30.Rh1 Rxh1 31.Qxh1 Rh8
32.Qe1 Rh2+ 33.Kg1 Qf8 34.Bxf4 Rh1+  0-1

[Event "6th Stuttgart Open"]
[Site "Ditzingen GER"]
[Date "2001.05.27"]
[Round "7"]
[White "Lausen,B"]
[Black "Nagelsdiek,M"]
[Result "0-1"]
[WhiteElo "2037"]
[BlackElo "2154"]

1.d4 g6 2.c4 Nf6 3.Nc3 Bg7 4.e4 d6 5.Be2 O-O 6.Nf3 e5 7.Be3 Nc6 8.d5 Ne7
9.Nd2 Ne8 10.f3 f5 11.O-O f4 12.Bf2 g5 13.c5 Ng6 14.cxd6 cxd6 15.Rc1 Rf7
16.Nc4 Bd7 17.a4 h5 18.Nb5 Qb8 19.Rc3 Bf6 20.Re1 Bd8 21.h3 a6 22.Nba3 b5
23.axb5 Bxb5 24.Nxb5 axb5 25.Rb3 Rb7 26.Qd3  0-1

[Event "TCh-NOR Final"]
[Site "Langesund NOR"]
[Date "2001.05.27"]
[Round "5"]
[White "Fyllingen,R"]
[Black "Djurhuus,R"]
[Result "0-1"]
[WhiteElo "2389"]
[BlackElo "2474"]

1.d4 Nf6 2.c4 g6 3.Nc3 Bg7 4.e4 d6 5.Be2 O-O 6.Nf3 e5 7.O-O Na6 8.Be3 Ng4
9.Bg5 f6 10.Bh4 h5 11.h3 Nh6 12.Qd2 c6 13.Rad1 Qe8 14.d5 c5 15.Nb5 Nf7 16.Ne1 Bh6
17.Qc3 f5 18.exf5 Bxf5 19.g4 hxg4 20.hxg4 Bd7 21.Ng2 Bxb5 22.cxb5 Nc7 23.b4 Nxb5
24.Qd3 Ng5 25.Bxg5 Bxg5 26.Qxb5 Qxb5 27.Bxb5 cxb4 28.Bd7 Rf3 29.Be6+ Kg7
30.Ne3 Raf8 31.Kg2 R8f4 32.Rc1 Bh4 33.Rc4 Rxf2+ 34.Rxf2 Rxf2+ 35.Kh3 Bg5
36.Ng2 a5 37.Rc7+ Kh6 38.Bg8 Bf6 39.Nh4 e4 40.Rf7 Bxh4 41.Kxh4 Rxf7 42.Bxf7 a4  0-1

[Event "IX Guillermo Garcia Mem"]
[Site "Santa Clara CUB"]
[Date "2001.05.27"]
[Round "4"]
[White "Vera,R"]
[Black "De la Paz,F"]
[Result "1/2-1/2"]
[WhiteElo "2534"]
[BlackElo "2437"]

1.d4 Nf6 2.c4 g6 3.Nc3 Bg7 4.e4 d6 5.Be2 O-O 6.Nf3 e5 7.O-O Nh5 8.Re1 Nf4
9.Bf1 Bg4 10.d5 f5 11.h3 Bh5 12.exf5 gxf5 13.Bxf4 exf4 14.Be2 Bxf3 15.Bxf3 Nd7
16.Nb5 a6 17.Nd4 Bxd4 18.Qxd4 Qg5 19.Re6 Ne5 20.Qc3 b6 21.Re1 Qg7 22.Bh5 Qg5
23.Bf3 Qg7 24.Kh1 a5 25.Bh5 Qg5 26.Bf3 Qg7 27.Bh5 Qg5  1/2-1/2

[Event "IV It"]
[Site "Santo Antonio POR"]
[Date "2001.05.27"]
[Round "9"]
[White "Dias,P"]
[Black "Damaso,R"]
[Result "1/2-1/2"]
[WhiteElo "2326"]
[BlackElo "2424"]

1.d4 g6 2.c4 Bg7 3.Nc3 d6 4.Nf3 Nf6 5.e4 O-O 6.Be2 e5 7.dxe5 dxe5 8.Qxd8 Rxd8
9.Bg5 Re8 10.Nd5 Nxd5 11.cxd5 c6  1/2-1/2

[Event "TCh-YUG Final"]
[Site "Herceg Novi YUG"]
[Date "2001.05.28"]
[Round "2.2"]
[White "Gligoric,S"]
[Black "Nevednichy,V"]
[Result "1/2-1/2"]
[WhiteElo "2481"]
[BlackElo "2563"]

1.d4 Nf6 2.c4 d6 3.Nc3 g6 4.e4 Bg7 5.Nf3 O-O 6.Be2 e5 7.O-O Nbd7 8.Qc2 Re8
9.Rd1 c6 10.Rb1 exd4 11.Nxd4 Nc5 12.f3 a5 13.Be3 Qe7 14.Bf2 Nh5 15.Qd2 Be5
16.g3 Ng7 17.Bf1 f5 18.Re1 Qf8 19.exf5 Nxf5 20.f4 Nxd4 21.Bxd4 Bxd4+ 22.Qxd4 Bf5
23.Rbd1 Rxe1 24.Rxe1 Kf7 25.Nd1 Re8 26.Rxe8 Kxe8 27.Nf2 Kd7 28.Qc3 Qd8 29.g4 Bb1
30.Bh3 Kc8 31.g5+ Kb8 32.Qf6 Qc7 33.f5 Ne4 34.Nxe4 Bxe4 35.Qh8+ Ka7 36.Qd4+ c5
37.Qxe4 gxf5 38.Bxf5 Qg7 39.h4 Qxb2 40.Bc8 Qa1+ 41.Kf2 Qxa2+ 42.Qe2 Qa1 43.Bf5 a4
44.Bc2 a3 45.Bb3 Qc3 46.Qa2 Qd4+ 47.Kg3 Qe3+ 48.Kg2 Qe4+  1/2-1/2

[Event "2nd IECC"]
[Site "Ohrid MKD"]
[Date "2001.06.01"]
[Round "1"]
[White "Piket,Je"]
[Black "Nedev,T"]
[Result "1/2-1/2"]
[WhiteElo "2628"]
[BlackElo "2514"]

1.d4 Nf6 2.c4 g6 3.Nc3 Bg7 4.e4 d6 5.Nf3 O-O 6.Be2 e5 7.O-O exd4 8.Nxd4 Re8
9.f3 Nc6 10.Be3 Nh5 11.Qd2 f5 12.Nxc6 bxc6 13.c5 d5 14.exd5 Bxc3 15.bxc3 Qe7
16.Kf2 Qh4+ 17.Kg1 Qe7 18.Kf2 Qh4+  1/2-1/2

[Event "2nd SUFE Cup Rapid"]
[Site "Shanghai CHN"]
[Date "2001.06.01"]
[Round "4"]
[White "Alexandria,N"]
[Black "Xie Jun"]
[Result "1-0"]
[WhiteElo "2336"]
[BlackElo "2557"]

1.d4 Nf6 2.c4 g6 3.Nc3 Bg7 4.e4 d6 5.Nf3 O-O 6.Be2 e5 7.Be3 Ng4 8.Bg5 f6
9.Bh4 g5 10.Bg3 Nh6 11.dxe5 dxe5 12.h3 Be6 13.O-O c6 14.Qxd8 Rxd8 15.Rfd1 Na6
16.a3 Nf7 17.b4 Nc7 18.Nd2 b6 19.f3 Nh8 20.Bf2 Ng6 21.Bf1 h5 22.b5 cxb5 23.cxb5 Rac8
24.Nc4 Bf8 25.Rxd8 Rxd8 26.a4 Nf4 27.a5 Bb4 28.axb6 axb6 29.Ra7 Bxc3 30.Rxc7 Rd1
31.Ne3 Rc1 32.Kh2 h4 33.Ng4 Rxf1 34.Nxf6+ Kf8 35.Bxb6 Bd4 36.Nh7+ Ke8 37.Nf6+ Kd8
38.Rc1+ Bxb6 39.Rxf1 Ke7 40.Nh7 Bd4 41.Rb1 Ba2 42.Rc1 Ne6 43.Rc6 Kd7 44.Nf6+ Kd8
45.Nd5 Nf4 46.b6 Nxd5 47.exd5 Kd7 48.b7 Ba7 49.Ra6 Bxd5 50.Rxa7 Kc7 51.Ra5  1-0

[Event "Open"]
[Site "Fourmies FRA"]
[Date "2001.06.02"]
[Round "1"]
[White "Vaillant,S"]
[Black "Shirazi,K"]
[Result "0-1"]
[WhiteElo "2101"]
[BlackElo "2413"]

1.d4 Nf6 2.Nf3 g6 3.c4 d6 4.Nc3 Nbd7 5.e4 e5 6.Be2 Bg7 7.O-O O-O 8.d5 c6
9.dxc6 Nc5 10.Qc2 bxc6 11.Be3 Ng4 12.Bxc5 dxc5 13.h3 Nh6 14.Rad1 Qe7 15.Qd2 Re8
16.b3 Bf8 17.Rfe1 f6 18.Bf1 Nf7 19.Na4 Nd8 20.Qa5 Ne6 21.Nb2 Qb7 22.Qc3 Nd4
23.Nxd4 cxd4 24.Qc1 Ba3 25.Qc2 Be6 26.Nd3 a5 27.Rb1 Re7 28.Nb2 c5 29.Bd3 Bd7
30.Rf1 Bc6 31.f3 Rf8 32.Nd1 Ref7 33.Nf2 Kh8 34.Rbe1 Qb4 35.Rb1 Rg7 36.Kh2 Rb7
37.Kg1 Kg7 38.Kh2 Rfb8 39.Rg1 Qb6 40.Rgf1 Qc7 41.Qd2 a4 42.Bc2 Bb4 43.Qe2 Qa5
44.Qd3 Bd2 45.bxa4 Rxb1 46.Rxb1 Rxb1 47.Bxb1 Bf4+ 48.g3 Qe1 49.gxf4 Qxf2+
50.Kh1 Bxa4 51.fxe5 fxe5  0-1

[Event "2nd SUFE Cup Rapid"]
[Site "Shanghai CHN"]
[Date "2001.06.02"]
[Round "8"]
[White "Alexandria,N"]
[Black "Wang Pin"]
[Result "1/2-1/2"]
[WhiteElo "2336"]
[BlackElo "2504"]

1.d4 g6 2.c4 Bg7 3.Nf3 d6 4.e4 Nf6 5.Nc3 O-O 6.Be2 e5 7.Be3 Ng4 8.Bg5 f6
9.Bh4 Nc6 10.d5 Ne7 11.Nd2 h5 12.O-O c6 13.Rc1 Bd7 14.b4 Nh6 15.Bg3 f5 16.Bh4 Nf7
17.Bxe7 Qxe7 18.exf5 Bxf5 19.Nde4 Bh6 20.Rc2 Rad8 21.Bd3 Ng5 22.Qe2 Nh7 23.Rd1 Nf6
24.Nxf6+ Qxf6 25.Be4 Kh8 26.Bxf5 Qxf5 27.Ne4 cxd5 28.Rxd5 Qe6 29.Qd3 Rf4
30.Nxd6 e4 31.Nf7+ Kh7 32.Qc3 Rf8 33.Nxh6 e3 34.f3 e2 35.Re5 Qb6+ 36.c5 Qxb4
37.Re7+ Kxh6 38.Qxb4 Rxb4 39.Rcxe2 Rc8 40.R7e5 Rb5 41.Rc2 b6 42.Re7 Rbxc5
43.Rxc5 bxc5 44.Rxa7 c4 45.Rb7 c3 46.Rb1 Ra8 47.Rc1 Rxa2 48.Rxc3 Kg5 49.Rc5+ Kf4
50.Rc4+ Kf5 51.h4 Rb2  1/2-1/2

[Event "2nd IECC"]
[Site "Ohrid MKD"]
[Date "2001.06.03"]
[Round "3"]
[White "Najer,E"]
[Black "Jacimovic,D"]
[Result "1/2-1/2"]
[WhiteElo "2600"]
[BlackElo "2504"]

1.d4 Nf6 2.Nf3 g6 3.c4 Bg7 4.Nc3 O-O 5.e4 d6 6.Be2 e5 7.O-O c6 8.Qc2 Qc7
9.d5 Na6 10.Bg5 h6 11.Be3 Bd7 12.dxc6 bxc6 13.c5 Nxc5 14.Bxc5 dxc5 15.Na4 Bg4
16.Nxc5 Bxf3 17.Bxf3 h5 18.Qc3 Bh6 19.Rad1 Rad8 20.Na6 Qb6 21.Nb4 Rd4 22.Rxd4 exd4
23.Qc4 c5 24.Nd3 Nd7 25.Bd1 Qb7 26.Nxc5 Qc7 27.b4 Nxc5 28.bxc5 Rc8 29.Bb3 d3
30.Qxd3 Qxc5 31.e5 Kg7 32.e6 fxe6 33.Qd7+ Kh8 34.Qxe6 Qc6 35.Qf7 a5 36.Bd5 Qe8
37.Qa7 a4 38.g3 Rd8 39.Qb7 Qd7 40.Qxd7 Rxd7 41.Rd1 Kg7 42.Kg2 Kf6 43.Rd3 Bf8
44.Rf3+ Kg7 45.Bc4 Bc5 46.h4 Rd2 47.Rf7+ Kh8 48.Kf1 a3 49.Bb3 Rb2 50.Be6 Rb1+
51.Kg2 Rb2 52.Bc4 Rc2 53.Rf4 Kg7 54.Kf1 Rc1+ 55.Ke2 Rc2+ 56.Ke1 Bxf2+ 57.Rxf2 Rxc4
58.Rf3 Ra4 59.Kd2 g5  1/2-1/2

[Event "FSGM June"]
[Site "Budapest HUN"]
[Date "2001.06.04"]
[Round "3"]
[White "Peng Zhaoqin"]
[Black "Al Sayed,Mohamad"]
[Result "0-1"]
[WhiteElo "2391"]
[BlackElo "2304"]

1.d4 Nf6 2.c4 g6 3.Nc3 Bg7 4.e4 d6 5.Nf3 O-O 6.Be2 e5 7.d5 a5 8.Bg5 h6 9.Bh4 Na6
10.Nd2 Qe8 11.O-O Nh7 12.a3 h5 13.f3 Bh6 14.Kh1 Be3 15.b4 axb4 16.axb4 Bd7
17.Rb1 Bd4 18.Qc1 c5 19.dxc6 bxc6 20.Nb3 Rb8 21.Nxd4 exd4 22.Na2 c5 23.Qd2 Ra8
24.Bd3 Nb8 25.b5 Bc8 26.Nc1 Nd7 27.f4 Bb7 28.Re1 Nhf6 29.Qe2 Ng4 30.Nb3 f5
31.exf5 Ne3 32.fxg6 Nxg2 33.Qxe8 Raxe8 34.Na5 Bf3 35.Bg3 Nxf4+ 36.Kg1 Nxd3
37.Bxd6 Re6 38.Bg3 Rxg6 39.Rb3 Be2 40.Nc6 Rg7 41.b6 h4 42.b7 hxg3 43.b8=Q Nxb8
44.Rxb8 Kh7  0-1

[Event "2nd IECC"]
[Site "Ohrid MKD"]
[Date "2001.06.04"]
[Round "4"]
[White "Mikhalevski,V"]
[Black "Dancevski,O"]
[Result "1-0"]
[WhiteElo "2523"]
[BlackElo "2428"]

1.d4 Nf6 2.c4 g6 3.Nc3 Bg7 4.e4 d6 5.Be2 O-O 6.Nf3 e5 7.O-O Na6 8.Be3 Ng4
9.Bg5 f6 10.Bh4 Qe8 11.c5 exd4 12.Nxd4 dxc5 13.Nb3 c4 14.Bxc4+ Kh8 15.Re1 Ne5
16.Bxa6 bxa6 17.Nd5 Qf7 18.f4 Bg4 19.Qc2 g5 20.fxe5 gxh4 21.Rf1 f5 22.h3 Bxh3
23.gxh3 Bxe5 24.Kh1 f4 25.Ne3 f3 26.Nf5 Rg8 27.Rxf3 Rg5 28.Qc5 Re8 29.Raf1 Qg6
30.Qf2 Bg3 31.Nxg3 hxg3 32.Rf8+ Kg7 33.Qf7+ Kh6 34.Qxg6+  1-0

[Event "2nd IECC"]
[Site "Ohrid MKD"]
[Date "2001.06.04"]
[Round "4"]
[White "Huzman,A"]
[Black "Petrov,M"]
[Result "1/2-1/2"]
[WhiteElo "2578"]
[BlackElo "2425"]

1.d4 g6 2.c4 Bg7 3.e4 d6 4.Nc3 Nf6 5.Nf3 O-O 6.Be2 e5 7.Be3 Ng4 8.Bg5 f6
9.Bh4 Nc6 10.d5 Ne7 11.Nd2 Nh6 12.f3 c5 13.dxc6 bxc6 14.b4 g5 15.Bf2 f5 16.O-O Be6
17.Nb3 Ng6 18.Na5 Qc7 19.c5 dxc5 20.Bxc5 Nf4 21.Ba6 Rad8 22.Qc2 g4 23.Bc4 Bxc4
24.Nxc4 Rd3 25.Ne2 Rfd8 26.Rad1 fxe4 27.fxe4 Qd7 28.Rxd3 Qxd3 29.Qxd3 Nxd3
30.Rd1 Nf7 31.Bxa7 Nxb4 32.Rxd8+ Nxd8 33.a4 Ne6 34.a5 Na6 35.Kf2 Kf7 36.Be3 Kf6
37.Nc1 Nec5 38.Nd2 Bf8 39.Ke2 h5 40.Nd3 Nxd3 41.Kxd3 Bb4 42.Nb3 Ke6 43.Bf2 Kd6
44.Kc4 Ba3 45.Be1 Ke6 46.Bd2 Kd7 47.Bc3 Ke6 48.Bd2 Kd6 49.Na1 Ke6 50.Nc2 Bc5
51.Be3 Be7 52.Bb6 Bf8 53.Ne1 Be7 54.Nd3 Bd6 55.Bc5 Bc7 56.Bb4 Nb8 57.Nc5+ Kf6
58.Bc3 Bd6 59.Be1 Ke7 60.Bh4+ Ke8 61.Bf2 Bc7 62.Be1 Bd6 63.Nd3 Kd7 64.Bb4 Bc7
65.Bc3 Ke6 66.Kc5 Bd8 67.Be1 Bc7 68.Bd2 Bd8 69.Bc3 Bc7 70.h3 gxh3 71.gxh3 Bd8
72.Kc4 Bc7 73.Nc5+ Kf6 74.Bd2 Bd6 75.Bb4 Bc7 76.Be1 Kf7 77.Nd3 Ke6 78.Nc5+ Kf7
79.Bc3 Kf6 80.Nd3 Ke6 81.Kc5 Bd8 82.Bd2 Bc7 83.Nc1 Kd7 84.Ne2 Na6+ 85.Kc4 Bd8
86.Ng3 h4 87.Nf5 Nc7 88.Be1 Ne6 89.a6 Bb6 90.Bd2 Nc7 91.Bc3 Nxa6 92.Bxe5 Ke6
93.Bc3 Nc5  1/2-1/2

[Event "2nd IECC"]
[Site "Ohrid MKD"]
[Date "2001.06.05"]
[Round "5"]
[White "Timoscenko,G"]
[Black "Abbasov,F"]
[Result "1-0"]
[WhiteElo "2531"]
[BlackElo "2439"]

1.d4 Nf6 2.c4 g6 3.Nc3 Bg7 4.e4 d6 5.Nf3 O-O 6.Be2 e5 7.Be3 Ng4 8.Bg5 f6
9.Bh4 g5 10.Bg3 Nh6 11.h3 exd4 12.Nxd4 Nc6 13.O-O f5 14.Nxf5 Nxf5 15.exf5 Nd4
16.Bg4 Bxf5 17.Re1 Kh8 18.Rc1 Qd7 19.Re4 c5 20.Nd5 Rae8 21.Rxe8 Rxe8 22.Ne3 Bxg4
23.hxg4 Qe6 24.Qd2 b5 25.b3 bxc4 26.Rxc4 Be5 27.Bxe5+ Qxe5 28.Rc1 Qf4 29.Re1 Re6
30.Qa5 Rf6 31.Nf5 Nxf5 32.gxf5 Qxf5 33.Re8+ Kg7 34.Re7+ Kh6 35.Qe1 a6 36.Qe2 Kg6
37.g4 Qb1+ 38.Kg2 a5 39.Rd7 Kh6 40.Qe3  1-0

[Event "ch-IND"]
[Site "New Delhi IND"]
[Date "2001.06.06"]
[Round "10"]
[White "Sasikiran,K"]
[Black "Saravanan,V"]
[Result "1-0"]
[WhiteElo "2611"]
[BlackElo "2428"]

1.d4 Nf6 2.c4 g6 3.Nc3 Bg7 4.e4 d6 5.Nf3 O-O 6.Be2 e5 7.Be3 Ng4 8.Bg5 f6
9.Bh4 Nc6 10.d5 Ne7 11.Nd2 h5 12.O-O c5 13.Rb1 b6 14.b4 Bd7 15.a3 Nh6 16.f3 g5
17.Bf2 Ng6 18.g3 Bh3 19.Re1 f5 20.exf5 Nxf5 21.Bf1 Bxf1 22.Rxf1 Rf7 23.Nce4 Qe7
24.bxc5 bxc5 25.a4 Raf8 26.a5 Bh6 27.a6 Qd8 28.Rb7 Nge7 29.Rxa7 Qb6 30.Rd7 Nc8
31.Rxf7 Rxf7 32.Qa4  1-0

[Event "2nd IECC"]
[Site "Ohrid MKD"]
[Date "2001.06.06"]
[Round "6"]
[White "Halkias,S"]
[Black "Gicov,Z"]
[Result "1-0"]
[WhiteElo "2494"]
[BlackElo "2257"]

1.d4 Nf6 2.c4 g6 3.Nc3 Bg7 4.e4 d6 5.Nf3 O-O 6.Be2 e5 7.Be3 c6 8.d5 c5 9.Nd2 Ne8
10.g4 f5 11.gxf5 gxf5 12.exf5 Bxf5 13.Nde4 Nd7 14.Bd3 Qa5 15.Qd2 Nb6 16.Rg1 Na4
17.Ng5 e4 18.Ngxe4 Kh8 19.Nxa4 Qxa4 20.Ng5 Qb4 21.Qxb4 cxb4 22.Ke2 Bxb2 23.Rab1 Bc3
24.Bxf5 Rxf5 25.Ne4 Be5 26.Rxb4 b6 27.f4 Bg7 28.Ra4 Rc8 29.Rxa7 Rxc4 30.Kf3 Be5
31.Ng5 Rcxf4+ 32.Bxf4 Rxf4+ 33.Ke2  1-0

[Event "2nd IECC"]
[Site "Ohrid MKD"]
[Date "2001.06.06"]
[Round "6"]
[White "Kempinski,R"]
[Black "Dancevski,O"]
[Result "0-1"]
[WhiteElo "2582"]
[BlackElo "2428"]

1.d4 Nf6 2.c4 g6 3.Nc3 Bg7 4.e4 d6 5.Nf3 O-O 6.Be2 e5 7.d5 a5 8.h3 Na6 9.Bg5 h6
10.Be3 Nc5 11.Nd2 Bd7 12.O-O Nh7 13.Rc1 b6 14.a3 a4 15.Nb5 Ng5 16.Qc2 Rc8
17.Kh2 f5 18.exf5 Bxf5 19.Qc3 Nge4 20.Nxe4 Nxe4 21.Qe1 Nc5 22.Rd1 Kh7 23.Nc3 Qh4
24.f3 Qxe1 25.Rfxe1 Rce8 26.g4 Bd7 27.Kg3 e4 28.f4 Bxc3 29.bxc3 Bc8 30.h4 Rg8
31.Rg1 Nd3 32.Rg2 h5 33.Rh1 Ref8 34.Bd1 Bd7 35.Rf1 Ne5 36.fxe5 Rxf1 37.Be2 Ra1
38.e6 Be8 39.Kf4 Rxa3 40.Kxe4 Ra2 41.Kd4 hxg4 42.h5 g3 43.Bf4 Rxe2 44.Rxe2 gxh5
45.Re1 g2 46.Bh2 Rg4+ 47.Kd3 Bg6+ 48.Kd2 h4  0-1

[Event "It"]
[Site "Bibinje CRO"]
[Date "2001.06.07"]
[Round "6"]
[White "Polak,T"]
[Black "Jakic,I"]
[Result "1-0"]
[WhiteElo "2503"]
[BlackElo "2246"]

1.d4 Nf6 2.c4 g6 3.Nc3 Bg7 4.e4 d6 5.Nf3 O-O 6.Be2 e5 7.d5 a5 8.h3 Na6 9.Bg5 h6
10.Be3 Nc5 11.Nd2 c6 12.O-O cxd5 13.cxd5 Bd7 14.a4 Rc8 15.Ra3 Ne8 16.Nc4 f5
17.exf5 Bxf5 18.Qd2 g5 19.Nb5 Ra8 20.Bxc5 dxc5 21.d6 Be6 22.Re3 Bxc4 23.Bxc4+ Kh8
24.Qd5 Ra6 25.Qxb7 Nxd6 26.Qxa6 Nxc4 27.Re2 Qd3 28.Rfe1 Nd2 29.Qd6 Qxd6 30.Nxd6 Nb3
31.Rc2 Kg8 32.Re3 Rb8 33.Nb5 Nd4 34.Rxc5  1-0

[Event "FSIM June"]
[Site "Budapest HUN"]
[Date "2001.06.07"]
[Round "6"]
[White "Dub,Z"]
[Black "Castaneda,N"]
[Result "1-0"]
[WhiteElo "2301"]
[BlackElo "2341"]

1.d4 Nf6 2.Nf3 d6 3.c4 g6 4.Nc3 Bg7 5.e4 O-O 6.Be2 e5 7.O-O Nbd7 8.Re1 c6
9.Bd3 a5 10.Rb1 exd4 11.Nxd4 Nc5 12.f3 Re8 13.Be3 Qe7 14.Qd2 Nfd7 15.Rbd1 Nb6
16.Nc2 Be5 17.Bg5 f6 18.Be3 Be6 19.b3 g5 20.Nd4 Bd7 21.Nce2 a4 22.Ng3 axb3
23.axb3 Nc8 24.b4 Na6 25.Ndf5 Qf8 26.c5 Bxf5 27.Nxf5 dxc5 28.Bxa6 Rxa6 29.Bxc5 Ne7
30.Qd7  1-0

[Event "2nd IECC"]
[Site "Ohrid MKD"]
[Date "2001.06.07"]
[Round "7"]
[White "Eljanov,P"]
[Black "Akopian,V"]
[Result "1/2-1/2"]
[WhiteElo "2558"]
[BlackElo "2654"]

1.d4 Nf6 2.Nf3 g6 3.c4 Bg7 4.Nc3 O-O 5.e4 d6 6.Be2 Nbd7 7.O-O e5 8.Qc2 exd4
9.Nxd4 Re8 10.Rd1 c6 11.Bf4 Qe7 12.Bg5 h6 13.Bh4 a5 14.f3 Ne5 15.Na4 g5 16.Bf2 Be6
17.Qd2 Rad8 18.Nxe6 fxe6 19.Bb6 Rd7 20.Bxa5 Nh5 21.g3  1/2-1/2

[Event "2nd IECC"]
[Site "Ohrid MKD"]
[Date "2001.06.07"]
[Round "7"]
[White "San Segundo Carrillo,P"]
[Black "Kuzmin,G"]
[Result "1/2-1/2"]
[WhiteElo "2508"]
[BlackElo "2569"]

1.Nf3 Nf6 2.c4 g6 3.Nc3 Bg7 4.e4 O-O 5.d4 d6 6.Be2 e5 7.O-O Nbd7 8.Be3 Re8
9.d5 Nf8 10.Ne1 h6 11.c5 dxc5 12.Bxc5 c6 13.Bxf8 Bxf8 14.dxc6 bxc6 15.Bc4 Rb8
16.Qc2 Qd4 17.Be2 Be6 18.Nf3 Qc5 19.Rac1 Qa5 20.Nd2 Red8 21.Nc4 Qc7 22.b3 Rd4
23.Ne3 Qe7 24.Bc4 Rbd8 25.Rcd1 Bxc4 26.Nxc4 Qe6 27.f3 Nh5 28.Ne2 R4d7 29.Rxd7 Bc5+
30.Kh1 Rxd7 31.Rd1 Bd4 32.Nxd4 Rxd4 33.Rxd4 exd4 34.Qd2 Qf6 35.Kg1 g5 36.Nb2 Nf4
37.Nd3 Nxd3 38.Qxd3 c5 39.g3 Qb6 40.Kf2 Qb4 41.a4  1/2-1/2

[Event "It"]
[Site "Bibinje CRO"]
[Date "2001.06.08"]
[Round "7"]
[White "Bistric,F"]
[Black "Rezan,S"]
[Result "0-1"]
[WhiteElo "2454"]
[BlackElo "2336"]

1.d4 Nf6 2.Nf3 g6 3.c4 Bg7 4.Nc3 O-O 5.e4 d6 6.Be2 e5 7.O-O Na6 8.Re1 Qe8
9.Bg5 h6 10.Bh4 Nh5 11.c5 g5 12.Bxa6 bxa6 13.Bg3 Nxg3 14.hxg3 g4 15.Nh4 exd4
16.Nd5 Qe5 17.Rc1 Rb8 18.b3 dxc5 19.Rxc5 Rb5 20.Rxc7 Rxd5 21.Rxc8 Rxc8 22.exd5 Qg5
23.d6 Rd8 24.Qc2 Qa5 25.Re7 Qd5 26.Qd3 Qxd6 27.Nf5 Qf6 28.Rxa7 Re8 29.Rxa6 Qe5
30.Rd6 Qe1+ 31.Kh2 Qxf2 32.Nxg7 Re1 33.Rd8+ Kxg7 34.Qxd4+ Qxd4 35.Rxd4 h5
36.a4 Ra1 37.Rd5 Kg6 38.a5 f5 39.b4 Kg5 40.Rd8 Ra4 41.Rb8 f4 42.Rb5+ Kh6
43.gxf4 h4 44.Rb7 Ra2 45.Kg1 g3 46.Kf1 Ra1+ 47.Ke2 h3 48.Rb6+ Kg7 49.Rb5 h2
50.Rh5 h1=Q 51.Rxh1 Rxh1 52.Kd3 Rg1  0-1